Hārāno sura. (Record no. 68211)

MARC details
000 -LEADER
fixed length control field 00533cam a22002291 4500
001 - CONTROL NUMBER
control field sa 66002199
003 - CONTROL NUMBER IDENTIFIER
control field DLC
005 - DATE AND TIME OF LATEST TRANSACTION
control field 20260227112227.0
008 - FIXED-LENGTH DATA ELEMENTS--GENERAL INFORMATION
fixed length control field 940426m19641965ii 000 1 benr
010 ## - LIBRARY OF CONGRESS CONTROL NUMBER
LC control number sa 66002199
025 ## - OVERSEAS ACQUISITION NUMBER
Overseas acquisition number PL480:EP-B-897
035 ## - SYSTEM CONTROL NUMBER
System control number (OCoLC)30334213
040 ## - CATALOGING SOURCE
Original cataloging agency DLC
Transcribing agency CU
Modifying agency CU
-- DLC
042 ## - AUTHENTICATION CODE
Authentication code premarc
050 00 - LIBRARY OF CONGRESS CALL NUMBER
Classification number PK1730.12.S5
Item number H3
100 1# - MAIN ENTRY--PERSONAL NAME
Personal name Ashraf, Shaheed.
245 10 - TITLE STATEMENT
Title Hārāno sura.
260 ## - PUBLICATION, DISTRIBUTION, ETC.
Date of publication, distribution, etc. [1964/65]
300 ## - PHYSICAL DESCRIPTION
Extent 83 p.
Dimensions 19 cm.
500 ## - GENERAL NOTE
General note In Bengali.
500 ## - GENERAL NOTE
General note A novel.

No items available.

Powered by Koha